00292 a2200133 4500001000700000020001800007041000800025100002000033250001000053856002400063040002500087245002900112260001700141109336 a9780008200527 apor aBaddiel, David. a. ed. u00000c/00000c52.jpg aBR-BrIDEAcBR-BrIDEA10aHead Kidc David Baddiel a[S.l.]c2018